00583nam a2200169 a 450000100100000000500170001000800410002704000130006808200150008110000270009624500720012326000690019530000100026404900090027495201130028399900170039600001721120200929165042.0100319s1975 dr 000 0 spa d aDO-SdBNP axxxbM539s1 aMendoza, Hugo R.9639013aSinopsis de Diagnostico físico en pediatría /cHugo R. Mendoza. aSanto Domingo :bUniversidad Autónoma de Santo Domingo,c1975. a62 p. aBNPD 0010718PDaPDbPDcHDd2010-04-06iLF1l0oxxx M539sp17211-10r2020-06-25w2020-06-25yLFPDZNo se presta c16736d16736